| 000 | 00943nam a2200301 a 4500 | ||
|---|---|---|---|
| 001 | 19651 | ||
| 003 | DB-RjUL | ||
| 005 | 20231228105845.0 | ||
| 008 | 140225r19661909enk 000 1 eng d | ||
| 020 | _a0460003518 | ||
| 020 | _a0460013513 (pbk.) | ||
| 035 | _a0460013513 | ||
| 035 | _a(BD-RjUL)19711 | ||
| 040 |
_aKFW _cKFW _dm.c _dBD-RjUL _beng |
||
| 041 | _aeng | ||
| 082 | 0 | 4 |
_a823.8 _bBRV 1966 |
| 100 | 1 |
_aBrontë, Charlotte, _d1816-1855. _960380 |
|
| 245 | 1 | 0 |
_aVillette / _cCharlotte Brontë ; introduction by Margaret Lane |
| 260 |
_aLondon ; _bDent ; _aNew York : _bDutton, _c1909 [reprinted 1966]. |
||
| 300 |
_axii, 462 p. ; _c18 cm |
||
| 490 | 1 |
_aEveryman's library ; _v351 |
|
| 650 |
_a Belgium -- Social life and customs -- _v- Fiction. _y19th century - _960381 |
||
| 700 | 1 |
_aLane, Margaret, _d1907-1994. _910764 |
|
| 830 | 0 | _v351 | |
| 830 | 0 |
_aEveryman's library ; _92269 |
|
| 942 |
_2ddc _cBK |
||
| 999 |
_c19651 _d19651 |
||